000 01047nam a2200325 a 4500
001 7341
003 BD-DhEWU
005 20170110122347.0
008 140129s2011 maua g b 001 0 eng d
020 _a9780131391994 (pbk.)
020 _a0131391992 (pbk.)
020 _a9788131785942
035 _a(OCoLC)671707178
040 _aStEdALDL
_cStEdALDL
_beng
_dBD-DhEWU
041 _aeng
082 0 4 _a658.5
_bTAO 2012
100 1 _aTaha, Hamdy A.
_92743
245 1 0 _aOperations research :
_ban introduction /
_cHamdy A. Taha.
250 _a9th ed., International ed.
260 _aBoston, Mass. ;
_aLondon :
_bPearson,
_cc2012.
300 _a824 p. :
_bill. ;
_c24 cm.
504 _aIncludes bibliographical references and index.
526 _aAS
590 _aTahur Ahmed
650 0 _aOperations research.
_92728
650 0 _aMathematical models.
_93378
856 _3WorldCat details
_uhttp://www.worldcat.org/title/operations-research-an-introduction/oclc/671707178&referer=brief_results
942 _2ddc
_cTEXT
_04
999 _c7341
_d7341
999 _c7341